[Event "Stay Safe Play From Home 302"]
[Site "Emanuel Lasker Arena"]
[Date "2020.07.14"]
[Round "5"]
[White "TheCHESSHOUSE"]
[Black "Bellbox"]
[Result "1-0"]
[WhiteElo "2092"]
[BlackElo "2060"]
[Annotator "TA"]
[PlyCount "91"]
[EventDate "2020.07.14"]
[EventType "swiss (blitz)"]

{[%evp 14,90,22,14,26,-2,36,32,48,34,33,15,32,0,16,0,18,-112,-110,-126,-126,-173,-101,-110,-75,-97,0,-34,-34,-89,-84,-146,-124,-124,-64,-68,-16,-67,-31,-39,0,7,2,-56,-6,-20,0,-66,52,46,42,37,69,62,167,68,83,83,164,174,370,381,747,756,695,660,29989,29990,29990,29981,29983,29984,29993,29994,29994,29995,29997,29998,29999]} 1. d4 f5 2. c4 Nf6 3. Nc3 g6 4. Nf3 Bg7 5. g3 O-O 6. Bg2 d6 7. O-O c6 {is currently scoring better than 7...Qe8. Played by Hikaru Nakamura in June 2020.} 8. Bg5 Ne4 {A88: Dutch Defence: Leningrad System: 5 Nf3 0-0 6 0-0 d6 7 Nc3 c6.} 9. Bf4 {[#]} Na6 $146 ({Predecessor:} 9... Nd7 10. Ng5 Nxg5 11. Bxg5 h6 12. Be3 e5 13. Qd2 Qe7 14. d5 e4 15. Bxh6 Ne5 16. Bxg7 Kxg7 17. dxc6 bxc6 {1-0 (66) Novikovas,A (1817)-Aleknavicius,A (1483) Lithuania 2016}) 10. Rc1 h6 {White is slightly better.} 11. h4 Kh7 12. Qc2 Nxc3 13. bxc3 Qe8 14. e4 e5 15. dxe5 (15. Be3 $11 {keeps the balance.}) 15... dxe5 $17 16. Be3 {[#]} f4 $1 {[%cal Rf4e3]} 17. Bd2 fxg3 (17... Be6 $19 18. gxf4 exf4) 18. fxg3 Nc5 19. Be3 {[#]} Ne6 ({Black should play} 19... Nxe4 $1 $17 {[%mdl 512]} 20. Ng5+ (20. Qxe4 $2 Bf5 $19) 20... Nxg5 21. hxg5 Bf5) 20. Qe2 Qe7 21. Rf2 (21. Nh2 $15) 21... Nc5 22. Bd2 ({White should try} 22. Nd2) 22... Bg4 23. Rcf1 Ne6 (23... Be6 $17 24. Be3 Rad8) 24. Be3 Rad8 (24... b6 $15) 25. Qb2 (25. Bxa7 $11 Nc5 26. Ng5+ {[%mdl 64] Discovered Attack} Qxg5 27. hxg5 Bxe2 28. Rxe2 Rxf1+ 29. Bxf1) 25... b6 26. Nh2 h5 27. Nxg4 hxg4 28. a4 (28. Qe2 $11) 28... Rxf2 29. Rxf2 Rf8 30. a5 (30. Rxf8 $11 Bxf8 31. Qe2) 30... Qc7 (30... bxa5 $15 31. Rf1 Rxf1+ 32. Bxf1 Bh6) 31. axb6 $14 axb6 32. Bxb6 Qd6 33. Rxf8 Qxf8 (33... Nxf8 $14 34. Kh2 Nd7) 34. Be3 (34. Qe2 $18) 34... Qd6 35. Qe2 $36 {[%mdl 2048] Keeping Black busy.} Nc5 (35... Qa3 $16) 36. Qxg4 $18 Nd3 $2 (36... Bh6) 37. h5 {Hoping for c5!} gxh5 $2 (37... Nb2 38. hxg6+ Qxg6 39. Qh4+ Kg8) 38. Qxh5+ Kg8 39. Bh3 {And now Qe8+ would win.} Nb2 40. Qe8+ {White mates.} Bf8 41. Bf5 Qe7 42. Qg6+ Qg7 43. Be6+ Kh8 44. Qh5+ Qh6 45. Bxh6 Bxh6 46. Qxh6# {What a bad dream for Black. Accuracy: White = 61%, Black = 42%.} 1-0

[Event "Stay Safe Play From Home 302"]
[Site "Emanuel Lasker Arena"]
[Date "2020.07.14"]
[Round "5"]
[White "Fischer_11"]
[Black "Edmatuag"]
[Result "1-0"]
[WhiteElo "2042"]
[BlackElo "1661"]
[Annotator "NA"]
[PlyCount "53"]
[EventDate "2020.07.14"]
[EventType "swiss (blitz)"]

1. e4 {[%emt 0:00:01]} d6 {[%emt 0:00:01]} 2. d4 {[%emt 0:00:01]} g6 {[%emt 0:00:01]} 3. Nc3 {[%emt 0:00:00]} Nf6 {[%emt 0:00:01]} 4. Bg5 {[%emt 0:00:00]} Bg7 {[%emt 0:00:01]} 5. Qd2 {[%emt 0:00:01]} O-O {[%emt 0:00:01]} 6. O-O-O {[%emt 0:00:01]} Nbd7 {[%emt 0:00:00]} 7. f4 {[%emt 0:00:01]} Re8 {[%emt 0:00:02]} 8. e5 {[%emt 0:00:02]} dxe5 {[%emt 0:00:02]} 9. dxe5 {[%emt 0:00:00]} Nh5 {[%emt 0:00:01]} 10. Nf3 {[%emt 0:00:02]} f6 {[%emt 0:00:06]} 11. exf6 {[%emt 0:00:02]} exf6 {[%emt 0:00:02]} 12. Bc4+ {[%emt 0:00:00]} Kh8 {[%emt 0:00:03]} 13. Bh4 {[%emt 0:00:02]} Nb6 {[%emt 0:00:06]} 14. Qxd8 {[%emt 0:00:02]} Bg4 {[%emt 0:00:03]} 15. Qxe8+ {[%emt 0:00:10]} Rxe8 {[%emt 0:00:02]} 16. Bd3 {[%emt 0:00:01]} Nxf4 {[%emt 0:00:02]} 17. Rhe1 {[%emt 0:00:05]} Rd8 {[%emt 0:00:06]} 18. Bf1 {[%emt 0:00:02]} Rb8 {[%emt 0:00:03]} 19. Bg3 {[%emt 0:00:01]} g5 {[%emt 0:00:04]} 20. Bxf4 {[%emt 0:00:01]} gxf4 {[%emt 0:00:01]} 21. h3 {[%emt 0:00:00]} Bf5 {[%emt 0:00:02]} 22. Re7 {[%emt 0:00:01]} Nc4 {[%emt 0:00:04]} 23. Bxc4 {[%emt 0:00:03]} Bf8 {[%emt 0:00:03]} 24. Rxc7 {[%emt 0:00:02]} Bg6 {[%emt 0:00:01]} 25. Rdd7 {[%emt 0:00:01]} Bh6 {[%emt 0:00:02]} 26. Rxb7 {[%emt 0:00:00]} Rf8 {[%emt 0:00:02]} 27. Rxa7 {[%emt 0:00:03] Time (Lag: Av=0.46s, max=0.6s)} 1-0

[Event "Stay Safe Play From Home 302"]
[Site "Emanuel Lasker Arena"]
[Date "2020.07.14"]
[Round "5"]
[White "NeatFox"]
[Black "Klasman"]
[Result "1-0"]
[WhiteElo "1820"]
[BlackElo "1320"]
[Annotator "NA RC"]
[PlyCount "45"]
[EventDate "2020.07.14"]
[EventType "swiss (blitz)"]

1. g4 {[%emt 0:00:01]} d5 {[%emt 0:00:02]} 2. Bg2 {[%emt 0:00:00]} e5 {[%emt 0:00:01]} 3. c4 {[%emt 0:00:00]} dxc4 {[%emt 0:00:03]} 4. Qa4+ {[%emt 0:00:01]} c6 {[%emt 0:00:02]} 5. Qxc4 {[%emt 0:00:01]} Be6 {[%emt 0:00:03]} 6. Qa4 {[%emt 0:00:00]} Bd6 {[%emt 0:00:03]} 7. Nc3 {[%emt 0:00:01]} Bxg4 {[%emt 0:00:03]} 8. Qxg4 {[%emt 0:00:02]} Nf6 {[%emt 0:00:02]} 9. Qxg7 {[%emt 0:00:01]} Rg8 {[%emt 0:00:01]} 10. Qh6 {[%emt 0:00:01]} Rxg2 {[%emt 0:00:01]} 11. Nf3 {[%emt 0:00:00]} Rg6 {[%emt 0:00:03]} 12. Qh4 {[%emt 0:00:01]} Nbd7 {[%emt 0:00:01]} 13. Rg1 {[%emt 0:00:01]} Qb6 {[%emt 0:00:04]} 14. Rxg6 {[%emt 0:00:02]} hxg6 {[%emt 0:00:01]} 15. Qh8+ {[%emt 0:00:01]} Nf8 {[%emt 0:00:04]} 16. d3 {[%emt 0:00:01]} e4 {[%emt 0:00:04]} 17. Qxf6 {[%emt 0:00:06]} exf3 {[%emt 0:00:03]} 18. Bh6 {[%emt 0:00:04]} Ne6 {[%emt 0:00:10]} 19. Qh8+ {[%emt 0:00:01]} Bf8 {[%emt 0:00:02]} 20. Bxf8 {[%emt 0:00:01]} Nxf8 {[%emt 0:00:01]} 21. Ne4 {[%emt 0:00:02]} fxe2 {[%emt 0:00:03]} 22. Kxe2 {[%emt 0:00:01]} Qd4 {[%emt 0:00:02]} 23. Nf6+ {[%emt 0:00:02] Time (Lag: Av=0.49s, max=0.6s)} 1-0

[Event "Stay Safe Play From Home 302"]
[Site "Emanuel Lasker Arena"]
[Date "2020.07.14"]
[Round "6"]
[White "NTBT_DHS"]
[Black "TheCHESSHOUSE"]
[Result "1-0"]
[WhiteElo "2482"]
[BlackElo "2136"]
[Annotator "TA"]
[PlyCount "33"]
[EventDate "2020.07.14"]
[EventType "swiss (blitz)"]

{[%evp 9,33,56,54,-1,18,-18,14,-31,-20,-22,-33,-32,65,37,168,166,756,279,389,251,885,885,946,940,911,902]} 1. e4 g6 2. Nf3 Bg7 3. Bc4 d6 4. O-O e6 5. d4 Ne7 6. e5 {B06: Modern Defence.} (6. c3 $14) 6... O-O {[#]} 7. Bg5 $146 ({Predecessor:} 7. Qe2 b6 8. Bf4 Bb7 9. Nbd2 h6 10. Rfe1 Nf5 11. h3 Nd7 12. c3 dxe5 13. Nxe5 Nxe5 14. Bxe5 Bxe5 15. dxe5 {½-½ (46) Mamedjarova,T (2279)-Gelashvili,T (2614) Tbilisi 2010}) 7... Nbc6 8. c3 {The position is equal.} dxe5 9. dxe5 h6 10. Bf6 Bd7 (10... Bxf6 $15 11. exf6 Nd5) 11. Nbd2 $36 {[%mdl 2048] White has the initiative.} Qe8 {Loses the game.} ({Black should try} 11... Bxf6 $14 12. exf6 Nf5) 12. Ne4 $18 {Hoping for Bxg7.} Rd8 $2 {[#]} (12... Nb8 13. Bxg7 Kxg7) 13. Qc1 $2 (13. Bxg7 Kxg7 14. Nf6) 13... Nf5 14. Qf4 Qe7 $2 (14... Na5 15. Be2 Bc6 16. Bxd8 Bxe4) 15. Bxe7 {White is clearly winning.} Ncxe7 16. g4 g5 17. Qc1 {Accuracy: White = 14%, Black = 24%.} 1-0

[Event "Stay Safe Play From Home 302"]
[Site "Emanuel Lasker Arena"]
[Date "2020.07.14"]
[Round "6"]
[White "AChessPlayer"]
[Black "Little champs"]
[Result "0-1"]
[WhiteElo "2387"]
[BlackElo "2275"]
[Annotator "TA"]
[PlyCount "154"]
[EventDate "2020.07.14"]
[EventType "swiss (blitz)"]

{[%evp 16,153,12,28,39,8,35,0,45,47,140,-36,133,139,119,-9,18,-33,0,-15,16,-4,17,-10,11,0,0,0,61,57,65,25,173,76,77,62,209,56,55,62,127,60,66,31,35,35,30,10,16,-7,0,-99,8,-52,20,-45,-20,-69,-64,-65,-73,-70,-68,-82,-82,-127,-118,-199,-206,-266,-209,-181,-196,-231,-167,-159,-173,-179,-160,-1056,-934,-29966,-4137,-29950,-9966,-29976,-29976,-4137,-4137,-29969,-4137,-29978,-29979,-29980,-29981,-29981,-29982,-29980,-29981,-29981,-29981,-29981,-29982,-29982,-29983,-29984,-29985,-29985,-29985,-29985,-29984,-29985,-29985,-29985,-29970,-29984,-29970,-29987,-29988,-29989,-29990,-29990,-29991,-29991,-29992,-29992,-29991,-29991,-29989,-29992,-29993,-29993,-29994,-29996,-29997,-29997,-29998,-29998,-29999,-29999]} 1. Nf3 c6 2. g3 d5 3. Bg2 Nf6 4. d3 g6 5. O-O Bg7 6. Nbd2 O-O 7. e4 dxe4 8. dxe4 Qc7 9. Qe2 Rd8 {[#] A07: Réti Opening: New York and Capablanca Systems.} 10. Rd1 $146 ({Predecessor:} 10. Nc4 Ng4 11. h3 b5 12. Bf4 e5 13. Bg5 f6 14. hxg4 bxc4 15. Be3 Bxg4 16. Qxc4+ Qf7 17. Qc3 {½-½ (42) Mayer,F-Mann,C Bochum 1989}) 10... e5 11. c3 Nbd7 {The position is equal.} 12. Nc4 $1 b5 {[#]} (12... Ne8 $14) 13. Na3 $2 (13. Ncxe5 $1 $16 {[%mdl 512]} Nxe5 14. Rxd8+ {[%mdl 64] Overworked Piece} Qxd8 15. Nxe5) 13... Nb6 $2 (13... a5 $15 {stays ahead.}) 14. Rxd8+ $16 Qxd8 15. Bg5 (15. Nxe5 $16 Qe8 16. Nd3) 15... h6 16. Rd1 (16. Be3 $11) 16... Qe7 $36 {[%mdl 2048] Black has good play.} (16... Qc7 $5 {[%cal Rh6g5]} 17. Be3 Be6 $11) 17. Bc1 Bg4 18. Nc2 Rd8 19. h3 (19. Rxd8+ {with more complications.} Qxd8 20. Ne3 Bxf3 21. Bxf3 a5 22. Qd1) 19... Bxf3 (19... Rxd1+ {seems wilder.} 20. Qxd1 Bc8 21. Qd3 Qc7 22. b3 Be6) 20. Bxf3 (20. Qxf3 {is more complex.} Bf8 21. Rxd8 Qxd8 22. Qe2 a5 23. b3) 20... Rxd1+ 21. Qxd1 Qd7 (21... Bf8 $11) 22. Qxd7 $14 Nfxd7 23. b3 Nc5 (23... a5 $11 {and Black is okay.}) 24. Be3 (24. Nb4 $18 {is more deadly.}) 24... Ncd7 $16 25. Be2 a6 (25... Bf8 $14) 26. Ne1 $2 (26. Nb4 $18) 26... f5 $14 27. Nd3 Kf7 (27... fxe4 $14 28. Nb4 Nd5) 28. exf5 (28. Nb4 $16) 28... gxf5 29. Nc5 Nxc5 30. Bxc5 {[%mdl 4096] Endgame KBB-KBN} Nd7 31. Bh5+ Ke6 32. Ba7 Bf8 33. b4 {[#]} (33. Be8 $11 {remains equal.}) 33... Bd6 (33... Nf6 $1 $17 {[%cal Rf6h5]} 34. Bd1 Ne4) 34. Kf1 (34. Be3 $11) 34... e4 ({Better is} 34... Nf6 $1 $15 35. Bg6 Nd5) 35. Ke2 (35. f4 $11) 35... Be5 36. Kd2 Nf6 37. Be2 Nd5 38. c4 Nxb4 39. cxb5 {White is on the road to losing.} cxb5 40. a3 Nd5 41. g4 (41. Bd1 $17 {was necessary.}) 41... f4 $19 42. h4 f3 43. Bf1 Bf4+ 44. Kc2 e3 45. fxe3 Bxe3 46. Bb8 Bf4 47. Kd3 $2 (47. Ba7 $17) 47... Bxb8 48. Bh3 Ke5 (48... Nf4+ $142 49. Ke4 Nxh3 50. Kxf3 Bd6 51. Ke2 Bxa3 52. Kf3 b4 53. Ke3 b3 54. Kd2 a5 55. Kc3 a4 56. h5 {[#]} Bb4+ $1 {[%mdl 512]} 57. Kd3 Nf4+ 58. Ke3 Ke5 59. Kf2 b2 60. Kg3 b1=Q 61. Kh2 Qe4 62. Kg3 Qg2+ 63. Kh4 Qh3#) 49. Bf1 Kf4 50. g5 hxg5 51. hxg5 Kxg5 52. Ke4 Nc3+ (52... Nb6 $142 53. Kxf3 Kf5 54. Bg2 Ke5 55. Kf2 Bd6 56. Bb7 a5 57. Bc6 b4 58. axb4 a4 59. Bxa4 Nxa4 60. Kf3 Bxb4 61. Kg3 Be1+ 62. Kg2 Ke4 63. Kg1 Kf4 64. Kg2 Nc5 65. Kh2 Kg4 66. Kg2 Nd3 67. Kh2 Kf4 68. Kg2 Ba5 69. Kh3 Bd2 70. Kh2 Kf3 71. Kg1 Kg3 72. Kh1 Bg5 73. Kg1 Be3+ 74. Kh1 Nf2+ 75. Kg1 Bd4 76. Kf1 Ne4 77. Ke2 Nc5 78. Ke1 Kf3 79. Kd2 Be5 80. Ke1 Bc3+ 81. Kf1 Bd4 82. Ke1 Ke3 83. Kf1 Kf3 84. Ke1 Ne4 85. Kf1 Ng3+ 86. Ke1 Ke3 87. Kd1 Bc3 88. Kc2 Ne4 89. Kb3 Kd3 90. Ka4 Kc4 91. Ka3 Nc5 92. Ka2 Kd3 93. Kb1 Nb3 94. Ka2 Kc2 95. Ka3 Nc5 96. Ka2 Bb4 97. Ka1 Nb3+ 98. Ka2 Nc1+ 99. Ka1 Bc3#) 53. Kxf3 Bd6 {Black mates.} 54. Ke3 Bxa3 55. Kd3 Bb4 56. Kc2 Kf5 57. Kb3 Ba5 58. Bg2 Ne4 59. Bh3+ Ke5 60. Bc8 Nc5+ 61. Kc2 Kd5 62. Kb2 Bb4 63. Kc2 a5 {[%cal Ba6a5,Ba5a4,Ba4a3][%mdl 32]} 64. Bh3 a4 65. Bg2+ Kc4 66. Bh3 Kd4 67. Kb2 a3+ 68. Ka2 Kc3 69. Bc8 Na4 70. Be6 Nb2 71. Bf5 Nc4 72. Bh7 Bc5 73. Bg8 b4 74. Bh7 b3+ 75. Ka1 Bd4 76. Bg6 a2 {[%cal Rc3d2]} 77. Bc2 Kxc2# {Accuracy: White = 31%, Black = 43%.} 0-1

[Event "Stay Safe Play From Home 302"]
[Site "Emanuel Lasker Arena"]
[Date "2020.07.14"]
[Round "6"]
[White "Broken sword"]
[Black "Fischer_11"]
[Result "1-0"]
[WhiteElo "2379"]
[BlackElo "2045"]
[Annotator "NA"]
[PlyCount "85"]
[EventDate "2020.07.14"]
[EventType "swiss (blitz)"]

1. e4 {[%emt 0:00:01]} Nf6 {[%emt 0:00:01]} 2. e5 {[%emt 0:00:01]} Nd5 {[%emt 0:00:00]} 3. d4 {[%emt 0:00:00]} d6 {[%emt 0:00:00]} 4. Nf3 {[%emt 0:00:00]} dxe5 {[%emt 0:00:01]} 5. Nxe5 {[%emt 0:00:00]} Nd7 {[%emt 0:00:00]} 6. Nxd7 {[%emt 0:00:02]} Bxd7 {[%emt 0:00:01]} 7. Bc4 {[%emt 0:00:00]} Nb6 {[%emt 0:00:00]} 8. Bb3 {[%emt 0:00:01]} e6 {[%emt 0:00:00]} 9. O-O {[%emt 0:00:01]} c5 {[%emt 0:00:00]} 10. dxc5 {[%emt 0:00:02]} Bxc5 {[%emt 0:00:00]} 11. Nd2 {[%emt 0:00:01]} Bc6 {[%emt 0:00:01]} 12. Qe2 {[%emt 0:00:01]} O-O {[%emt 0:00:01]} 13. Ne4 {[%emt 0:00:00]} Be7 {[%emt 0:00:03]} 14. c3 {[%emt 0:00:01]} Bd5 {[%emt 0:00:01]} 15. Bf4 {[%emt 0:00:02]} Bxb3 {[%emt 0:00:02]} 16. axb3 {[%emt 0:00:00]} Nd5 {[%emt 0:00:01]} 17. Bg3 {[%emt 0:00:01]} Bf6 {[%emt 0:00:01]} 18. Rfd1 {[%emt 0:00:01]} Qe7 {[%emt 0:00:01]} 19. Bd6 {[%emt 0:00:03]} Qe8 {[%emt 0:00:03]} 20. Bxf8 {[%emt 0:00:01]} Qxf8 {[%emt 0:00:00]} 21. b4 {[%emt 0:00:03]} a6 {[%emt 0:00:02]} 22. Nc5 {[%emt 0:00:01]} Qe7 {[%emt 0:00:04]} 23. Qf3 {[%emt 0:00:01]} g6 {[%emt 0:00:03]} 24. Re1 {[%emt 0:00:01]} Rd8 {[%emt 0:00:04]} 25. Rad1 {[%emt 0:00:01]} Qd6 {[%emt 0:00:02]} 26. Ne4 {[%emt 0:00:01]} Qf4 {[%emt 0:00:08]} 27. Nxf6+ {[%emt 0:00:02]} Qxf6 {[%emt 0:00:01]} 28. Qxf6 {[%emt 0:00:02]} Nxf6 {[%emt 0:00:00]} 29. Rxd8+ {[%emt 0:00:01]} Kg7 {[%emt 0:00:00]} 30. Rb8 {[%emt 0:00:00]} Nd5 {[%emt 0:00:00]} 31. Rxb7 {[%emt 0:00:01]} a5 {[%emt 0:00:00]} 32. bxa5 {[%emt 0:00:01]} g5 {[%emt 0:00:02]} 33. g3 {[%emt 0:00:01]} h5 {[%emt 0:00:00]} 34. a6 {[%emt 0:00:01]} h4 {[%emt 0:00:00]} 35. a7 {[%emt 0:00:00]} hxg3 {[%emt 0:00:00]} 36. hxg3 {[%emt 0:00:01]} Kg6 {[%emt 0:00:00]} 37. a8=Q {[%emt 0:00:01]} Nf6 {[%emt 0:00:00]} 38. Qa7 {[%emt 0:00:02]} Nh5 {[%emt 0:00:00]} 39. Rxf7 {[%emt 0:00:01]} Ng7 {[%emt 0:00:00]} 40. Rxg7+ {[%emt 0:00:01]} Kf5 {[%emt 0:00:01]} 41. Qf7+ {[%emt 0:00:01]} Kg4 {[%emt 0:00:01]} 42. Kg2 {[%emt 0:00:01]} e5 {[%emt 0:00:00]} 43. f3# {[%emt 0:00:00] (Lag: Av=0.23s, max=0.3s)} 1-0

[Event "Stay Safe Play From Home 302"]
[Site "Emanuel Lasker Arena"]
[Date "2020.07.14"]
[Round "6"]
[White "Mepe_Nika"]
[Black "NeatFox"]
[Result "1-0"]
[WhiteElo "2351"]
[BlackElo "1822"]
[Annotator "TA"]
[PlyCount "49"]
[EventDate "2020.07.14"]
[EventType "swiss (blitz)"]

{[%evp 9,48,63,58,49,56,17,31,21,25,14,39,24,47,18,54,22,124,47,21,0,48,54,204,208,365,68,276,281,276,279,264,274,777,778,1134,1111,1888,1456,29997,29998,29999]} 1. d4 d5 2. Bf4 c6 3. e3 Nf6 4. c4 dxc4 5. Bxc4 e6 6. Nc3 {D10: Slav Defence: 3 cxd5 (without early Nf3) and 3 Nc3.} Bd6 {[#]} 7. Nge2 $146 ({Predecessor:} 7. Bxd6 Qxd6 8. Nf3 O-O 9. O-O Qb4 10. Qe2 Nd5 11. Rfc1 Nd7 12. a3 Qa5 13. Ne4 N5b6 14. Bd3 e5 15. Nxe5 Nxe5 16. Rc5 Qa4 17. dxe5 Be6 18. Bc2 Bb3 19. Nc3 {1-0 (19) Claesen,P (2319)-Gouvart,S (1929) Montreal 2015}) 7... Bxf4 8. Nxf4 {White is slightly better.} O-O 9. O-O b6 10. a4 Bb7 11. b4 Nbd7 12. Qb3 c5 (12... Qe7 $11 {keeps the balance.}) 13. dxc5 (13. bxc5 $16 e5 14. dxe5 Nxe5 15. Rfd1) 13... bxc5 $14 14. Rfd1 Qc7 15. Nb5 Qc8 (15... Qe5 $14) 16. Rac1 $18 cxb4 $2 (16... Qb8 17. Nd6 Bd5) 17. Qxb4 $2 ({White should play} 17. Bxe6 $18 Nc5 18. Bxc8 Nxb3 19. Bxb7) 17... Qb8 $2 {[#]} ({Black should try} 17... Qc5 $14 18. Qb3 Qg5) 18. Nxe6 $1 {[%mdl 512]} fxe6 19. Bxe6+ {[%mdl 64] Double Attack} Kh8 20. Bxd7 Nxd7 $2 (20... Qe5 21. Bh3 a5) 21. Rxd7 Ba6 {[#]} 22. Qd4 $1 {[%csl Gd7][%cal Rd4g7]} Rg8 23. Rcc7 Qb6 24. Rxg7 {[%csl Gc7][%cal Rg7h7]} Qxd4 25. Rxh7# {Accuracy: White = 61%, Black = 17%.} 1-0

[Event "Stay Safe Play From Home 302"]
[Site "Emanuel Lasker Arena"]
[Date "2020.07.14"]
[Round "6"]
[White "Lazieri3"]
[Black "Jhhonnyy"]
[Result "0-1"]
[WhiteElo "2119"]
[BlackElo "2340"]
[Annotator "TA"]
[PlyCount "106"]
[EventDate "2020.07.14"]
[EventType "swiss (blitz)"]

{[%evp 9,106,-31,-29,-38,-26,-39,-35,-424,-416,-441,-422,-481,-494,-483,-431,-458,-424,-417,-412,-442,-424,-481,-487,-527,-454,-450,-453,-428,-406,-448,-464,-451,-433,-447,-392,-390,-327,-333,-310,-390,-396,-458,-462,-443,-299,-296,-297,-339,-245,-248,-188,-375,-257,-328,-114,-114,-114,-114,-114,-114,-114,-114,-76,-114,-76,-76,-76,-76,-37,-760,-722,-684,-653,-608,-432,-398,-329,-1178,-707,-1311,-1278,-1147,-1052,-646,-52,-1060,-922,-29978,-29979,-29979,-29980,-29980,-29977,-29977,-29978,-29982,-29983,-29983,0]} 1. e4 c5 2. Nc3 e6 3. d3 Nc6 4. Nf3 Nf6 5. Bg5 Be7 6. h3 {B40: Sicilian: 2...e6, Unusual lines.} d5 {[#]} 7. exd5 $146 ({Predecessor:} 7. Qd2 d4 8. e5 dxc3 9. Qxc3 Nd5 10. Bxe7 Qxe7 11. Qc4 b6 12. O-O-O Bb7 13. Nd2 Nxe5 {0-1 (26) Costa,A (2008)-Boukobza,A (2192) Calvi 2007}) 7... Nxd5 8. d4 $2 {[%mdl 8192]} ({White should play} 8. Bxe7 $15 Qxe7 9. Qe2) 8... Bxg5 $19 9. Nxd5 Qxd5 10. Nxg5 Qxg5 11. dxc5 Qxc5 12. Bd3 O-O 13. O-O Ne5 14. Be4 Bd7 15. Bxb7 Rab8 16. Be4 Bc6 17. Bxc6 Nxc6 {[%cal Be5c6,Bc6b4,Bb4d5,Bd5f4][%mdl 32]} 18. b3 Qc3 19. Rc1 Nb4 20. a3 Nd5 21. Qe1 Qxe1 22. Rfxe1 Rfc8 23. c4 Nf4 ({Stronger than} 23... Rxb3 24. cxd5 Rbc3 25. Rxc3 $11) 24. Re4 Nd3 25. Rc3 Nc5 26. Ree3 f6 27. b4 Na4 28. Rc2 e5 29. c5 {[#]} a5 $1 30. Rb3 $2 (30. Re4 {keeps fighting.}) (30. bxa5 Rxc5) 30... axb4 31. axb4 Nxc5 $2 (31... Kf7 $19 {is more deadly. White must now prevent ...Rxc5!} 32. c6 Rb5) 32. Rbc3 $17 Rxb4 {aiming for ...Rb1+.} 33. Rxc5 Rxc5 34. Rxc5 {[%mdl 4096] Endgame KR-KR} h5 35. g3 Kh7 36. Kg2 Kg6 37. h4 Kf5 38. Rc7 g5 39. Rh7 $2 {[%mdl 8192]} (39. hxg5 $15 Kxg5 40. Rc8) 39... Kg6 $19 40. Rh8 gxh4 41. Rg8+ Kf7 42. Rh8 hxg3 43. Kxg3 $2 (43. fxg3 Kg6 44. Kf2) 43... Kg6 44. Rg8+ Kf5 45. Rh8 {[#]} h4+ $1 46. Kh3 (46. Rxh4 Rxh4) 46... Rb1 $2 (46... Rf4 $19 47. Kg2 Rb4) 47. Rh5+ $2 {[%mdl 8192]} (47. Kg2 $15) 47... Kg6 48. Rxh4 Rh1+ {Black mates.} 49. Kg4 Rxh4+ 50. Kxh4 f5 51. f3 Kf6 52. Kh5 Ke6 53. Kg5 e4 $2 {[%mdl 32768] Accuracy: White = 46%, Black = 53%. . Loss on time!?} (53... f4 {mates} 54. Kg4 Kd5 55. Kh3 Kd4 56. Kh2 Ke3 57. Kg2 Ke2 58. Kh3 Kxf3 59. Kh2 e4 60. Kg1 Ke2 61. Kh2 e3 62. Kg2 f3+ 63. Kh3 f2 64. Kh4 Kf3 65. Kh5 f1=Q 66. Kg6 e2 67. Kg7 e1=Q 68. Kg8 Qe6+ 69. Kh8 Qh6+ 70. Kg8 Qc4#) 0-1

[Event "Stay Safe Play From Home 302"]
[Site "Emanuel Lasker Arena"]
[Date "2020.07.14"]
[Round "6"]
[White "Bellbox"]
[Black "Edmatuag"]
[Result "1-0"]
[WhiteElo "2045"]
[BlackElo "1658"]
[Annotator "TA"]
[PlyCount "103"]
[EventDate "2020.07.14"]
[EventType "swiss (blitz)"]

{[%evp 9,103,42,70,74,93,52,87,48,141,79,129,103,110,66,131,86,262,153,220,90,348,357,335,341,508,426,622,236,514,281,247,266,430,420,425,407,496,491,460,275,288,279,410,281,277,276,274,267,264,264,304,293,339,237,346,0,328,326,595,427,644,625,643,510,703,696,706,704,681,689,820,787,830,758,29987,29988,29988,29989,29989,29987,29989,29988,29988,29990,29992,29993,29994,27999,29992,27999,29991,27999,29998,27999,29997,27999]} 1. e4 d5 2. exd5 Qxd5 3. Nc3 Qa5 4. d4 c6 5. Nf3 Qc7 6. Bc4 {B01: Scandinavian Defence.} e6 {[#]} 7. g3 $146 ({Predecessor:} 7. a3 Nf6 8. O-O Bd6 9. Re1 O-O 10. Bg5 Nbd7 11. Qd2 h6 12. Bh4 Re8 13. Rad1 {1-0 (56) Roganovic,N-Ince,F (1697) Niksic 2018}) 7... Bd6 8. O-O {White is better.} Ne7 (8... Nf6 $14) 9. Ng5 ({White should try} 9. Re1) 9... b5 10. Bb3 h6 11. Qh5 $36 {[%mdl 2048] White has the initiative.} (11. Nxf7 $6 Kxf7 12. a4 bxa4 $11) 11... O-O ({Better is} 11... g6 $14 12. Qh3 Nd5) 12. Nge4 Ng6 $2 (12... a5 $16) 13. Re1 (13. Bxh6 $1 $18 {aiming for Be3.} gxh6 14. Qxh6) 13... Nd7 {[#]} (13... b4 $16) 14. Ne2 (14. Bxh6 $1 $18 {[%mdl 512] is more deadly. Threatens to win with Bxe6!} gxh6 15. Nxd6 (15. Qxh6 Re8 $16)) 14... Nf6 $2 {[%mdl 8192]} (14... Re8 $16) 15. Nxf6+ $18 gxf6 16. Bxh6 (16. Qxh6 c5 $18) 16... Rd8 (16... Qd8 {was called for.} 17. Bxf8 Bxf8) 17. c3 Bf8 (17... a5 $142 18. Bc2 f5) 18. Bc2 $2 (18. Nf4 c5 19. Nxg6 Bxh6 20. Qxh6 fxg6 21. Rxe6) 18... Bg7 $2 (18... Rd5 19. Qh3 e5) 19. Bxg6 fxg6 20. Qxg6 e5 $2 (20... Qf7 {keeps fighting.} 21. Qxg7+ Qxg7 22. Bxg7 Kxg7) 21. dxe5 fxe5 22. Rad1 Rxd1 23. Rxd1 {Intending Rd8+! and mate.} Bh3 24. c4 (24. Bxg7 $142 Qxg7 25. Qxc6 {[%mdl 64] Double Attack}) 24... Qf7 25. Qg5 {Hoping for Rd6.} ({Worse is} 25. Qxc6 Rc8 $15) 25... Rf8 (25... Qf6 $142) 26. Qxg7+ Qxg7 27. Bxg7 Kxg7 28. cxb5 cxb5 {[%mdl 4096] Endgame KRB-KRN} 29. Nc3 Rc8 30. a3 ({Don't play} 30. Nxb5 Rc2 $18) 30... a6 31. Ne4 Kg6 (31... Bg4 $142 32. Rd6 a5) 32. Nc3 $2 (32. f3 $18) 32... Rc4 $2 {[%mdl 8192]} (32... Kg7 $1 $11) 33. f3 Kf5 $2 (33... a5 {was necessary.} 34. Kf2 (34. Nxb5 Rc2 $16) 34... b4) 34. Kf2 e4 (34... b4 $142 35. g4+ Bxg4 36. fxg4+ Kxg4 37. axb4 Rxb4) 35. g4+ Kf4 36. Ne2+ Ke5 {If Black can now play ...exf3 this consolidates a bit.} 37. f4+ Kf6 38. Kg3 Bxg4 39. Kxg4 {KRN-KR} e3 40. Kf3 Rc2 41. Rb1 Rxb2 42. Rxb2 {White mates.} Ke6 43. Kxe3 Kd5 {[#]} 44. a4 $1 Kc5 (44... bxa4 45. Nc3+) 45. axb5 axb5 46. f5 Kb6 47. f6 Kc7 48. Rxb5 Kc6 {[#]} 49. f7 $1 Kd7 50. f8=Q Ke6 51. Rb7 Kd5 52. Qc8 {Accuracy: White = 34%, Black = 13%.} 1-0